banner koha

Fruit flies (Diptera: Tephritidae) and their parasitoids associated with different hog plum genotypes in Teresina, Piauí (Registro n. 338594)

MARC details
000 -LÍDER
fixed length control field 05010nab a2200361 i 4500
003 - CÓDIGO MARC DA AGÊNCIA CATALOGADORA
Campo de controle BR-BrBNA
005 - DATA E HORA DA ÚLTIMA ATUALIZAÇÃO
Campo de controle 20251007162921.0
008 - CAMPO DE TAMANHO FIXO
fixed length control field 251007b2017 bl.|r|pooa||| 00| 0 eng |
040 ## - FONTE DA CATALOGAÇÃO
Agência catalogadora BR-BrBNA
Idioma da catalogação eng
072 ## - CATEGORIA AGRIS
Código AGRIS H10
Código do objeto 1190
072 ## - CATEGORIA AGRIS
Código AGRIS H01
Código do objeto 4020
100 ## - ENTRADA PRINCIPAL - NOME PESSOAL
Nome pessoal Sousa, Leonardo da Silva
100 ## - ENTRADA PRINCIPAL - NOME PESSOAL
Nome pessoal Silva, Paulo Roberto Ramalho
100 ## - ENTRADA PRINCIPAL - NOME PESSOAL
Nome pessoal Nascimento, Márcia Patrícia Paula
100 ## - ENTRADA PRINCIPAL - NOME PESSOAL
Nome pessoal França, Solange Maria de
100 ## - ENTRADA PRINCIPAL - NOME PESSOAL
Nome pessoal Araújo, Almerinda Amélia Rodrigues
245 ## - TÍTULO PRINCIPAL
Título principal Fruit flies (Diptera: Tephritidae) and their parasitoids associated with different hog plum genotypes in Teresina, Piauí
500 ## - NOTA GERAL
Nota geral <br/>Publicação online; 44 ref.; 5 tables; 2 illus.; Summaries (En, Pt)
942 ## - ADDED ENTRY ELEMENTS (KOHA)
Koha item type Analítica
520 ## - NOTA DE RESUMO
Nota de conteúdo <br/><br/><br/>ABSTRACT - The aim of this work was to identify and quantify the infestation of fruit fly species and their parasitoids, associated with 20 hog plum genotypes (Spondias mombin L.) in a commercial orchard in Teresina, Piauí, Brazil. The survey was conducted by fruit sampling and monitoring through traps stocked with bait food, in the period from January to December 2012. Overall, 6560 fruits were collected (79.58 kg), resulting in 23059 pupae, of which 10080 fruit flies of the genus Anastrepha and 4984 braconid parasitoids emerged. Anastrepha obliqua species was the predominant with 99.92%. F16P13 and F11P10 genotypes had the highest infestation indexes and F15P11 and F04P01 genotypes, the lowest. The main parasitoids collected were Opius bellus (77.65%), Doryctobracon areolatus (19.88%) and Utetes anastrephae (2.47%). The average parasitism rate among genotypes was of 30.46%. In traps, a total of 1434 fruit flies were collected, whose species were: A. obliqua (97.6%), A. serpentina (1.4%), A. fraterculus (0.4%), A. striata (0.4%), A. dissimilis (0.1%), A. pseudoparallela (0.1%). Anastrepha obliqua species was predominant in the area, based on faunistic analysis. The infestation index in the orchard was relevant for five months (January-May), coinciding with the period of availability of hog plum fruits, reaching the highest peak in March (2.86 FAT). There was a significant negative correlation between number of fruit flies in the orchard and the average air temperature, and a significant positive correlation with rainfall and relative humidity. However, the main factor that influenced the observed infestation index in the hog plum orchard was fruit availability.<br/><br/><br/><br/>Index terms: Anastrepha obliqua, PET traps, Opius bellus, Spondias mombin
520 ## - NOTA DE RESUMO
Nota de conteúdo <br/><br/><br/>RESUMO - Objetivou-se com este trabalho identificar e quantificar a infestação de espécies de moscasdas-frutas e seus parasitoides, associadas a 20 genótipos de cajazeira (Spondias mombin L.) em um pomar comercial no município de Teresina-PI. Frutos caídos foram coletados, e armadilhas com atrativo alimentar foram instaladas no pomar, no período de janeiro a dezembro de 2012. Foram coletados 6.560 frutos (79, 58 kg), obtendo-se 23.059 pupários, dos quais emergiram 10.080 moscas-das-frutas do gênero Anastrepha e 4.984 parasitoides braconídeos. A espécie A. obliqua foi a predominante, com 99, 92 %. Os genótipos F16P13 e F11P10 apresentaram maiores índices de infestação, e os genótipos F15P11 e F04P01, os menores. Os principais parasitoides coletados foram Opius bellus (77, 65 %), Doryctobracon areolatus (19, 88 %) e Utetes anastrephae (2, 47 %). O índice de parasitismo médio entre os genótipos foi de 30, 46 %. Nas armadilhas, foi coletado um total de 1.434 moscas-das-frutas, cujas espécies encontradas foram: A. obliqua, (97, 6 %), A. serpentina (1,4 %), A. fraterculus (0,4 %), A. striata (0,4 %), A. dissimilis (0,1 %), A. pseudoparallela (0,1 %). A espécie A. obliqua foi a predominante na área, com base na análise faunística calculada. O índice de infestação no pomar foi relevante durante cinco meses (janeiro a maio), período de disponibilidade de frutos de cajazeira. Houve uma correlação significativa negativa entre o número de moscas-das-frutas no pomar e a temperatura média do ar, e correlação significativa positiva com a precipitação pluviométrica e umidade relativa do ar. Entretanto, o principal fator constatado que influenciou o índice de infestação no pomar de cajazeira foi à disponibilidade de frutos.<br/><br/><br/><br/>Termos para indexação: Spondias mombin, Anastrepha obliqua, Opius bellus, Armadilhas tipo “PET”.
650 ## - ASSUNTO - THESAGRO
Cabeçalho tópico ou nome geográfico CAJÁ
650 ## - ASSUNTO - THESAGRO
Cabeçalho tópico ou nome geográfico FRUTA TROPICAL
650 ## - ASSUNTO - THESAGRO
Cabeçalho tópico ou nome geográfico PRAGA DE PLANTA
650 ## - ASSUNTO - THESAGRO
Cabeçalho tópico ou nome geográfico MOSCA-DAS-FRUTAS
650 ## - ASSUNTO - THESAGRO
Cabeçalho tópico ou nome geográfico LEVANTAMENTO FITOSSANITÁRIO
650 ## - ASSUNTO - THESAGRO
Cabeçalho tópico ou nome geográfico GENÓTIPO
650 ## - ASSUNTO - THESAGRO
Cabeçalho tópico ou nome geográfico DEFESA VEGETAL
650 ## - ASSUNTO - THESAGRO
Cabeçalho tópico ou nome geográfico PIAUÍ
773 0# - ENTRADA ANALÍTICA
Host Biblionumber 805
Registro do item 317029
Imprenta Jaboticabal-SP Sociedade Brasileira de Fruticultura 1978
Outro identificador 2024-3591
Título Revista Brasileira de Fruticultura (Brazil)
ISSN 0100-2945
Colação v. 39(4) p. 1-12; (2017)
Número de controle de registro BR2025004213
856 ## - ACESSO E ENDEREÇO ELETRÔNICO
Identificador uniforme de recurso - URI https://www.scielo.br/j/rbf/a/D7tWppQCZ5YMnHJv5Q6Lf5F/?format=pdf&lang=en

Nenhum exemplar disponível.

BINAGRI

Telefone: (61)3218-2567/2388/3357/2097 - binagri@agro.gov.br

Ministério da Agricultura e Pecuária , Esplanada dos Ministérios, Bloco D, Anexo B, Brasília/DF, CEP: 70.043-900